[Event "47th IT Bosna 2017"]
[Site "Sarajevo"]
[Date "2017.05.14"]
[Round "3.34"]
[White "Jurman, Roberto"]
[Black "Vujicic, Dragisa"]
[Result "1/2-1/2"]
[WhiteElo "2152"]
[BlackElo "1914"]
[PlyCount "85"]
[EventDate "2017.05.13"]

1. c4 c6 2. g3 d5 3. Bg2 Nf6 4. Nf3 Bg4 5. b4 a6 6. a4 e6 7. Qb3 Nbd7 8. d3 Be7
9. h3 Bh5 10. Nc3 Bg6 11. Nh4 O-O 12. Nxg6 hxg6 13. O-O d4 14. Ne4 Nxe4 15.
Bxe4 Qb6 16. Rb1 g5 17. Bg2 e5 18. Ba3 Qc7 19. b5 Bxa3 20. bxc6 bxc6 21. Qxa3
Rab8 22. Qe7 Rfe8 23. Qxg5 Nc5 24. Rxb8 Rxb8 25. f4 Nxa4 26. f5 f6 27. Qh5 Nc3
28. Ra1 a5 29. Qf3 c5 30. Bf1 a4 31. Kf2 Qb6 32. Re1 a3 33. Qh5 a2 34. Bg2 Qb2
35. Bc6 a1=Q 36. Rxa1 Qxa1 37. Bd7 Nd1+ 38. Kg2 Ne3+ 39. Kh2 Nf1+ 40. Kg2 Ne3+
41. Kh2 Nf1+ 42. Kg2 Ne3+ 43. Kh2 1/2-1/2

[Event "47th IT Bosna 2017"]
[Site "Sarajevo"]
[Date "2017.05.14"]
[Round "3.35"]
[White "Ananya, Rishi Gupta"]
[Black "Bucan, Eldin"]
[Result "0-1"]
[WhiteElo "1955"]
[BlackElo "2126"]
[PlyCount "88"]
[EventDate "2017.05.13"]

1. e4 e5 2. Nf3 Nc6 3. Bc4 Nf6 4. d3 Bb4+ 5. c3 Be7 6. O-O O-O 7. Re1 d6 8. h3
Na5 9. Bb3 Nxb3 10. axb3 Nd7 11. Nbd2 Bf6 12. Nf1 Re8 13. Ne3 g6 14. Ng4 Bg7
15. Nh6+ Kf8 16. Nh2 Nc5 17. b4 Ne6 18. Qf3 Qf6 19. Qxf6 Bxf6 20. N6g4 Bg7 21.
Ne3 Nf4 22. Rd1 Be6 23. h4 h5 24. g3 Ne2+ 25. Kg2 Nxc1 26. Rdxc1 c6 27. Nf3 f6
28. c4 Bh6 29. Rc3 a6 30. Nh2 f5 31. Kf3 Ke7 32. Ke2 Rf8 33. f3 Bxe3 34. Kxe3
f4+ 35. Kf2 fxg3+ 36. Kxg3 Rf4 37. b5 g5 38. hxg5 Rg8 39. Kf2 Rh4 40. Nf1 Rxg5
41. bxa6 bxa6 42. Rxa6 Rh1 43. Nd2 Rh2+ 44. Ke3 Rgg2 0-1

[Event "47th IT Bosna 2017"]
[Site "Sarajevo"]
[Date "2017.05.14"]
[Round "3.36"]
[White "Okuyaz, Duru"]
[Black "Strinic, Halid"]
[Result "1/2-1/2"]
[WhiteElo "1917"]
[BlackElo "2122"]
[PlyCount "65"]
[EventDate "2017.05.13"]

1. e4 d6 2. d4 c6 3. Nc3 e5 4. Nf3 Qc7 5. Be2 Nf6 6. O-O Be7 7. a4 a5 8. b3 O-O
9. Ba3 Na6 10. Re1 Re8 11. Bc4 h6 12. d5 Nb4 13. Rc1 Bg4 14. Re3 cxd5 15. Nxd5
Nfxd5 16. Bxd5 Bg5 17. Bxf7+ Qxf7 18. Nxg5 Qf4 19. Nf3 Rac8 20. Bxb4 axb4 21.
Qd5+ Kh8 22. Ne1 Rc6 23. Nd3 Qg5 24. h3 Be6 25. Qb5 Rec8 26. Rg3 Qd2 27. Qxb7
R6c7 28. Qxb4 Rc3 29. Qb7 R8c7 30. Qb8+ Rc8 31. Qb7 R8c7 32. Qb8+ Rc8 33. Qb7
1/2-1/2

[Event "47th IT Bosna 2017"]
[Site "Sarajevo"]
[Date "2017.05.14"]
[Round "3.37"]
[White "Hrescak, Ivana"]
[Black "Kuljanin, Filip"]
[Result "1-0"]
[WhiteElo "2111"]
[BlackElo "1895"]
[PlyCount "71"]
[EventDate "2017.05.13"]

1. d4 Nf6 2. c4 c5 3. d5 e6 4. Nc3 d6 5. e4 Be7 6. f4 exd5 7. cxd5 O-O 8. Nf3
a6 9. a4 b6 10. Bd3 a5 11. O-O Na6 12. Bd2 Nb4 13. Bc4 h6 14. Be1 Re8 15. e5
Nd7 16. Ne4 Ba6 17. b3 Nf8 18. Qe2 Bxc4 19. bxc4 Ng6 20. Bg3 f6 21. e6 f5 22.
Nf2 Bf6 23. Rab1 Kf8 24. Nd1 Ne7 25. Qd2 Ng8 26. Ne3 g6 27. Be1 h5 28. g3 Nh6
29. h3 Ke7 30. Rf2 Rh8 31. Rg2 Qf8 32. Rb3 Qg7 33. Qc1 Raf8 34. Bc3 Bxc3 35.
Rxc3 Na2 36. Rxa2 1-0

[Event "47th IT Bosna 2017"]
[Site "Sarajevo"]
[Date "2017.05.14"]
[Round "3.38"]
[White "Petrovic, Marija"]
[Black "Colpa, Fahrudin"]
[Result "1-0"]
[WhiteElo "2083"]
[BlackElo "1882"]
[PlyCount "63"]
[EventDate "2017.05.13"]

1. Nf3 Nc6 2. d4 e6 3. c3 d5 4. g3 Bd6 5. Bg2 Nf6 6. Nbd2 Qe7 7. O-O Bd7 8. c4
b6 9. a3 a5 10. Qc2 Rd8 11. e4 dxe4 12. Nxe4 Nxe4 13. Qxe4 h6 14. Re1 O-O 15.
Bd2 f5 16. Qe2 Qf6 17. Bc3 Qf7 18. d5 exd5 19. cxd5 Rde8 20. Qd3 Ne7 21. Ne5
Bxe5 22. Bxe5 Rc8 23. d6 Ng6 24. Bc3 c6 25. Rad1 f4 26. Re7 Nxe7 27. dxe7 Qxe7
28. Qxd7 Qxd7 29. Rxd7 Rf7 30. Rd6 fxg3 31. hxg3 Rfc7 32. Be5 {Kontumacija} 1-0

[Event "47th IT Bosna 2017"]
[Site "Sarajevo"]
[Date "2017.05.14"]
[Round "3.39"]
[White "Stanivukovic, Drago"]
[Black "Miladinovic, Zlatko"]
[Result "0-1"]
[WhiteElo "1892"]
[BlackElo "2077"]
[PlyCount "182"]
[EventDate "2017.05.13"]

1. d4 d5 2. c4 Nf6 3. Nc3 c6 4. Bg5 Ne4 5. Nxe4 dxe4 6. Qd2 Na6 7. e3 f6 8. Bh4
e5 9. a3 exd4 10. Qxd4 Qxd4 11. exd4 Bd6 12. Bg3 Bxg3 13. hxg3 Bg4 14. f3 exf3
15. gxf3 Bf5 16. Kd2 O-O-O 17. Ne2 Nc7 18. Bh3 Bxh3 19. Rxh3 Ne6 20. Rh4 h5 21.
Rah1 Rhe8 22. Re4 g6 23. Kc3 Ng5 24. Rxe8 Rxe8 25. Nf4 Nxf3 26. Nxg6 Re3+ 27.
Kb4 Nxd4 28. Rxh5 b6 29. c5 Nc2+ 30. Ka4 Kb7 31. Rh2 Rxg3 32. Ne7 Nd4 33. Kb4
Nb3 34. cxb6 axb6 35. Rh7 c5+ 36. Kc4 Na5+ 37. Kd5 Rd3+ 38. Ke6 Ka6 39. b4 Nc4
40. bxc5 bxc5 41. Nd5 Nxa3 42. Nxf6 Kb5 43. Ne4 c4 44. Nd6+ Kb4 45. Rb7+ Kc3
46. Nxc4 Nxc4 47. Rc7 Kb4 48. Rb7+ Kc5 49. Rc7+ Kb5 50. Rb7+ Kc6 51. Rb1 Re3+
52. Kf6 Nb6 53. Kf5 Nd5 54. Rc1+ Kd6 55. Rd1 Re5+ 56. Kg4 Re4+ 57. Kf5 Rf4+ 58.
Kg5 Rf2 59. Re1 Nc3 60. Re3 Ne2 61. Kg4 Nd4 62. Re1 Rf8 63. Rd1 Kd5 64. Kg5 Rf3
65. Kg4 Re3 66. Kf4 Re2 67. Kg5 Ke5 68. Kg6 Ne6 69. Rf1 Nf4+ 70. Kf7 Re4 71.
Kg7 Ke6 72. Kg8 Kf6 73. Kf8 Rd4 74. Ke8 Ke6 75. Re1+ Kd6 76. Kf7 Nd3 77. Rd1
Rf4+ 78. Kg7 Rf3 79. Rd2 Ke6 80. Ra2 Rf7+ 81. Kg8 Ne5 82. Ra6+ Kf5 83. Ra5 Rf6
84. Rb5 Rd6 85. Ra5 Kf6 86. Ra8 Re6 87. Rf8+ Kg6 88. Ra8 Nd7 89. Rc8 Re7 90.
Kh8 Rh7+ 91. Kg8 Nf6+ 0-1

[Event "47th IT Bosna 2017"]
[Site "Sarajevo"]
[Date "2017.05.14"]
[Round "3.40"]
[White "Sahin, Doga Boran"]
[Black "Lakusic, Zoran"]
[Result "1-0"]
[WhiteElo "2060"]
[BlackElo "1775"]
[PlyCount "30"]
[EventDate "2017.05.13"]

1. e4 e6 2. d4 d6 3. Nc3 Be7 4. Nf3 Nf6 5. Bd3 h6 6. O-O Nbd7 7. e5 dxe5 8.
dxe5 Ng4 9. Qe2 h5 10. Bd2 c6 11. h3 Nh6 12. Ne4 {NeÃ¨itak formular} Nxe5 13.
Nxe5 Bc5 14. Rad1 Qe7 15. Bg5 f6 1-0

[Event "47th IT Bosna 2017"]
[Site "Sarajevo"]
[Date "2017.05.14"]
[Round "3.43"]
[White "Celik, Eda"]
[Black "Medic, Nevenko"]
[Result "0-1"]
[WhiteElo "1728"]
[BlackElo "1996"]
[PlyCount "100"]
[EventDate "2017.05.13"]

1. e4 c6 2. d4 d5 3. Nc3 dxe4 4. Nxe4 Nf6 5. Nxf6+ exf6 6. Nf3 Bd6 7. Bd3 O-O
8. O-O Bg4 9. Re1 Nd7 10. h3 Bh5 11. c3 Qc7 12. Qc2 Bg6 13. Be3 Rfe8 14. Bxg6
hxg6 15. Nd2 f5 16. Nc4 Bh2+ 17. Kh1 b5 18. Na5 Bd6 19. Nb3 f4 20. Bd2 Nf6 21.
a4 f3 22. axb5 fxg2+ 23. Kxg2 cxb5 24. Qd3 a6 25. Qf3 Qb6 26. Bg5 Nh5 27. Nd2
f6 28. Qd5+ Kh7 29. Ne4 Bf4 30. Bh4 Bd2 31. Bg3 Bxe1 32. Rxe1 Rad8 33. Qb3 Qc6
34. f3 Nxg3 35. Kxg3 Qc7+ 36. Kg2 Qf4 37. Qf7 Rf8 38. Qe6 Rde8 39. Qg4 Qxg4+
40. hxg4 Kg8 41. Ra1 f5 42. Ng3 Ra8 43. Ra5 fxg4 44. fxg4 Rf4 45. g5 Rg4 46.
Kf3 Rxg5 47. c4 Rf8+ 48. Kg2 Rd8 49. Rxa6 Rxd4 50. cxb5 Rd3 0-1

[Event "47th IT Bosna 2017"]
[Site "Sarajevo"]
[Date "2017.05.14"]
[Round "3.44"]
[White "Lakovic, Igor"]
[Black "Krug, Franz-Dieter"]
[Result "1-0"]
[WhiteElo "2009"]
[BlackElo "1605"]
[PlyCount "55"]
[EventDate "2017.05.13"]

1. d4 d5 2. c4 e6 3. Nc3 c6 4. e4 dxe4 5. Nxe4 Nf6 6. Nxf6+ Qxf6 7. Nf3 Bb4+ 8.
Bd2 Bxd2+ 9. Qxd2 Nd7 10. Be2 O-O 11. O-O h6 12. Rfe1 b6 13. Rad1 Bb7 14. b3
Rfe8 15. Bf1 Rad8 16. Qe3 c5 17. d5 exd5 18. Qxe8+ Rxe8 19. Rxe8+ Nf8 20. cxd5
Qd6 21. Bc4 Kh7 22. Ne5 f6 23. Nf7 Qf4 24. Rxf8 b5 25. Bxb5 Bxd5 26. Rxd5 Qc1+
27. Bf1 Qc2 28. Bd3+ 1-0

[Event "47th IT Bosna 2017"]
[Site "Sarajevo"]
[Date "2017.05.14"]
[Round "3.45"]
[White "Haskovic, Salih"]
[Black "Kanjic, Elvir"]
[Result "1-0"]
[WhiteElo "1967"]
[BlackElo "1722"]
[PlyCount "62"]
[EventDate "2017.05.13"]

1. e4 e6 2. d4 g6 3. Nf3 Bg7 4. Nc3 Nc6 5. h4 d6 6. h5 e5 7. Bb5 Bd7 8. dxe5
Nxe5 9. Nxe5 Bxe5 10. Bxd7+ Qxd7 11. Bd2 O-O-O 12. Qe2 Ne7 13. O-O-O Nc6 14.
Qc4 a6 15. Nd5 Kb8 16. f3 f5 17. Bg5 b5 18. Qf1 Rdf8 19. Bh6 Rf7 20. Qd3 fxe4
21. fxe4 gxh5 22. a4 Na7 23. Nb4 Kb7 24. Rxh5 Qe6 25. Be3 Bf4 26. Bxf4 Rxf4 27.
axb5 axb5 28. Rxb5+ Nxb5 29. Qxb5+ Kc8 30. Qc6 Qxe4 31. Nd5 Rf7 1-0

[Event "47th IT Bosna 2017"]
[Site "Sarajevo"]
[Date "2017.05.14"]
[Round "3.46"]
[White "Selimovic, Amir"]
[Black "Beslija, Hana"]
[Result "1-0"]
[WhiteElo "1941"]
[BlackElo "1113"]
[PlyCount "49"]
[EventDate "2017.05.13"]

1. e4 d5 2. exd5 Qxd5 3. Nc3 Qa5 4. d4 c6 5. Bc4 Nf6 6. Bd2 Qc7 7. Qe2 Bf5 8.
O-O-O Nbd7 9. h3 e6 10. g4 Bg6 11. h4 h6 12. Nh3 O-O-O 13. Nf4 Bh7 14. Qf3 Bb4
15. Rhe1 e5 16. Nfe2 exd4 17. Bf4 Qb6 18. Nxd4 Nc5 19. Re7 Rd7 20. Rxd7 Ncxd7
21. Nde2 Rf8 22. g5 hxg5 23. hxg5 Ne8 24. Qh3 Bg6 25. Qxd7# 1-0

[Event "47th IT Bosna 2017"]
[Site "Sarajevo"]
[Date "2017.05.14"]
[Round "3.47"]
[White "Peric, Pero"]
[Black "Nestorovic, Katarina"]
[Result "0-1"]
[WhiteElo "1678"]
[BlackElo "1918"]
[PlyCount "70"]
[EventDate "2017.05.13"]

1. e4 c5 2. Bc4 e6 3. Nc3 Nc6 4. a3 g6 5. d3 Bg7 6. Nge2 Nge7 7. O-O O-O 8. f4
d5 9. Ba2 a6 10. e5 b5 11. Ng3 f6 12. exf6 Bxf6 13. Nce2 Qb6 14. c3 a5 15. Be3
b4 16. Qb3 Rb8 17. Rac1 c4 18. Bxb6 cxb3 19. Bxa5 bxa3 20. bxa3 Nxa5 21. Bb1
Ba6 22. d4 Nc4 23. Bd3 b2 24. Rb1 Rb6 25. Bxc4 Bxc4 26. Rfe1 Bd3 27. Nf1 Bxb1
28. Rxb1 Ra8 29. Nd2 Rxa3 30. Kf2 Nf5 31. g4 Bh4+ 32. Kf3 Nd6 33. h3 Nc4 34.
Nxc4 dxc4 35. Ke3 Ra1 0-1

[Event "47th IT Bosna 2017"]
[Site "Sarajevo"]
[Date "2017.05.14"]
[Round "3.48"]
[White "Janjic, Nikola"]
[Black "Babic, Milana"]
[Result "1-0"]
[WhiteElo "1909"]
[BlackElo "1520"]
[PlyCount "109"]
[EventDate "2017.05.13"]

1. c4 e5 2. Nc3 Nf6 3. g3 Nc6 4. Bg2 Be7 5. e3 d6 6. Nge2 Bf5 7. d4 exd4 8.
Nxd4 Nxd4 9. exd4 Rb8 10. O-O O-O 11. b3 Qd7 12. Bb2 Bh3 13. Re1 Bxg2 14. Kxg2
Rfe8 15. Qf3 b6 16. d5 Qg4 17. Nb5 Qxf3+ 18. Kxf3 Rb7 19. Bxf6 gxf6 20. Nd4 Kf8
21. Re4 f5 22. Nxf5 Bf6 23. Rxe8+ Kxe8 24. Re1+ Kd7 25. Nh6 b5 26. Re4 bxc4 27.
Rxc4 Ke8 28. h4 Be5 29. Ke4 Bg7 30. Nf5 Kf8 31. g4 Bb2 32. Ne3 Ba3 33. Nc2 Bc5
34. f4 Kg7 35. b4 Bb6 36. a4 a5 37. b5 Rb8 38. Kf5 Re8 39. Re4 Rxe4 40. Kxe4 f6
41. Kf5 Kf7 42. Na3 Bf2 43. h5 h6 44. Nc4 Bb6 45. Nxb6 cxb6 46. g5 fxg5 47.
fxg5 hxg5 48. Kxg5 Kg7 49. Kf5 Kh6 50. Ke6 Kxh5 51. Kxd6 Kg6 52. Kc7 Kf6 53. d6
Ke6 54. d7 Ke5 55. d8=Q 1-0

[Event "47th IT Bosna 2017"]
[Site "Sarajevo"]
[Date "2017.05.14"]
[Round "3.49"]
[White "Pleh, Semir"]
[Black "Lapo, Safet"]
[Result "1-0"]
[WhiteElo "1678"]
[BlackElo "1844"]
[PlyCount "65"]
[EventDate "2017.05.13"]

1. c4 Nf6 2. d4 e6 3. Nf3 d5 4. g3 c6 5. Bg2 Bb4+ 6. Bd2 Qa5 7. O-O Bxd2 8.
Nbxd2 Nbd7 9. a3 dxc4 10. Nxc4 Qc7 11. Rc1 O-O 12. Re1 Nb6 13. Nce5 Rd8 14. Qc2
Bd7 15. e4 Be8 16. b4 Qe7 17. Nd3 Nbd7 18. Nb2 a5 19. Nd3 axb4 20. axb4 Ra7 21.
Ng5 h6 22. Nf3 Rda8 23. Nc5 Nxc5 24. bxc5 Ng4 25. Rb1 Qc7 26. e5 h5 27. Rb2 Ra1
28. Reb1 R8a7 29. Ng5 g6 30. Ne4 Bd7 31. Nd6 Bc8 32. Qd2 Kg7 33. Ne8+ 1-0

[Event "47th IT Bosna 2017"]
[Site "Sarajevo"]
[Date "2017.05.14"]
[Round "3.51"]
[White "Musovic, Sabrija"]
[Black "Rakita, Jandrija"]
[Result "1-0"]
[WhiteElo "2053"]
[BlackElo "1680"]
[PlyCount "67"]
[EventDate "2017.05.13"]

1. e4 e5 2. Nf3 d6 3. d4 exd4 4. Nxd4 c5 5. Bb5+ Bd7 6. Bxd7+ Nxd7 7. Nf5 Qf6
8. Nc3 O-O-O 9. O-O g6 10. Ne3 Qd4 11. Qf3 Qf6 12. Qe2 Nb6 13. a4 a6 14. a5 Na8
15. Ned5 Qe6 16. b4 Bg7 17. Bb2 Nf6 18. Nxf6 Bxf6 19. b5 Nc7 20. bxa6 Nxa6 21.
Rab1 Rhe8 22. f3 Bd4+ 23. Kh1 Bxc3 24. Bxc3 Rd7 25. Rb6 f5 26. e5 Qd5 27. Rd1
Qe6 28. f4 Red8 29. Rdb1 Qd5 30. h3 dxe5 31. Rxa6 bxa6 32. Qxa6+ Rb7 33. Bxe5
Kd7 34. Qxb7+ 1-0

[Event "47th IT Bosna 2017"]
[Site "Sarajevo"]
[Date "2017.05.14"]
[Round "3.52"]
[White "Cabric, Izet"]
[Black "Babic, Masa"]
[Result "1-0"]
[WhiteElo "1895"]
[BlackElo "1653"]
[PlyCount "79"]
[EventDate "2017.05.13"]

1. c4 e5 2. Nc3 Nf6 3. g3 d5 4. cxd5 Nxd5 5. Bg2 Nxc3 6. bxc3 Bc5 7. Nf3 Nc6 8.
Qa4 Bd7 9. Qc4 Qe7 10. O-O O-O 11. d4 exd4 12. cxd4 Bd6 13. Bd2 Rfe8 14. Rfe1
Rab8 15. e4 Bb4 16. Rab1 Bxd2 17. Nxd2 b6 18. e5 Bf5 19. Bxc6 Bxb1 20. Bxe8
Bxa2 21. Qxa2 Rxe8 22. Qxa7 Qb4 23. Nf3 Qe7 24. Qa2 h6 25. Qc4 c5 26. d5 Kh8
27. Rb1 Qc7 28. Qb5 Rb8 29. d6 Qd8 30. Qc6 g6 31. h4 Kg8 32. Kg2 Kg7 33. Nd2 h5
34. Nc4 Kh7 35. Rxb6 Rxb6 36. Nxb6 Kg7 37. Qxc5 f6 38. Qc7+ Qxc7 39. dxc7 fxe5
40. c8=Q 1-0

[Event "47th IT Bosna 2017"]
[Site "Sarajevo"]
[Date "2017.05.14"]
[Round "3.53"]
[White "Zaloznik, Vesna"]
[Black "Camdzija, Samir"]
[Result "1/2-1/2"]
[WhiteElo "1504"]
[BlackElo "1833"]
[PlyCount "94"]
[EventDate "2017.05.13"]

1. e4 c5 2. Nc3 Nc6 3. f4 g6 4. Nf3 a6 5. Be2 Bg7 6. O-O d6 7. Qe1 e6 8. d3
Nge7 9. Bd2 Nb4 10. Bd1 Bd7 11. a3 Nbc6 12. Qg3 Qc7 13. Be2 O-O-O 14. Rab1 h5
15. b4 h4 16. Qf2 cxb4 17. axb4 e5 18. b5 Nd4 19. bxa6 bxa6 20. Nxd4 exd4 21.
Nd5 Nxd5 22. exd5 Qa7 23. Ba5 Rde8 24. Bb6 Qa8 25. Bf3 Re3 26. c3 Rxd3 27. cxd4
Bf5 28. Qc2+ Kd7 29. Qc7+ Ke8 30. Rfe1+ Kf8 31. Qxd6+ Kg8 32. Bc5 Kh7 33. Qe7
Qd8 34. Qxf7 Kh6 35. Rb7 Rh7 36. Kf1 Rxf3+ 37. gxf3 Bh3+ 38. Ke2 Qa5 39. d6 Bg2
40. Qd5 Bf6 41. Rxh7+ Kxh7 42. Rb1 Qc3 43. Rb7+ Kh6 44. Qe4 Qc4+ 45. Kf2 Qf1+
46. Ke3 Qc1+ 47. Kf2 Qf1+ 1/2-1/2

[Event "47th IT Bosna 2017"]
[Site "Sarajevo"]
[Date "2017.05.14"]
[Round "3.54"]
[White "Gligorevic, Milorad"]
[Black "Vrce, Anes"]
[Result "0-1"]
[WhiteElo "1823"]
[BlackElo "1648"]
[PlyCount "56"]
[EventDate "2017.05.13"]

1. e4 Nf6 2. Nc3 d6 3. d4 g6 4. Nf3 Bg7 5. Bf4 Bg4 6. h3 Bxf3 7. gxf3 a6 8. Qd2
h5 9. O-O-O d5 10. e5 Nfd7 11. Bd3 e6 12. Bg5 Qc8 13. Rde1 Nc6 14. Qf4 b5 15.
Rhg1 Qb7 16. Nxd5 Ncxe5 17. Nf6+ Bxf6 18. Be4 Bxg5 19. Rxg5 Nc6 20. d5 Qb6 21.
dxc6 Nc5 22. Qf6 Rg8 23. Bd5 Qa5 24. Qe5 O-O-O 25. Rd1 Rxd5 26. Rxd5 exd5 27.
Kb1 f6 28. Qe3 fxg5 0-1

[Event "47th IT Bosna 2017"]
[Site "Sarajevo"]
[Date "2017.05.14"]
[Round "3.55"]
[White "Tomic, Jelena"]
[Black "Fejzic, Danis"]
[Result "1/2-1/2"]
[WhiteElo "1751"]
[BlackElo "1439"]
[PlyCount "78"]
[EventDate "2017.05.13"]

1. e4 c5 2. c3 Nf6 3. e5 Nd5 4. d4 cxd4 5. cxd4 e6 6. Nf3 Be7 7. Be2 O-O 8. O-O
Nc6 9. Nbd2 d6 10. Ne4 dxe5 11. dxe5 Qc7 12. Bc4 Nb6 13. Bb3 Nxe5 14. Bf4 Nxf3+
15. Qxf3 Qc6 16. Rac1 Qb5 17. Rfd1 Nd5 18. Bd6 Qd7 19. Bxd5 exd5 20. Rxd5 f5
21. Nc5 Qd8 22. Qb3 Kh8 23. Bxe7 Qxe7 24. Qd3 b6 25. Nb3 Be6 26. Re5 Qf7 27.
Nd4 Rad8 28. Rxe6 Rxd4 29. Qxd4 Qxe6 30. a3 Re8 31. h3 h6 32. Rc7 Re7 33. Rc3
Rd7 34. Qf4 Qe4 35. Qxe4 fxe4 36. Re3 Rd1+ 37. Kh2 Rd2 38. b4 Rd3 39. Kg3 Rd4
1/2-1/2

[Event "47th IT Bosna 2017"]
[Site "Sarajevo"]
[Date "2017.05.14"]
[Round "3.56"]
[White "Tutic, Amina"]
[Black "Markovic, Rade A"]
[Result "0-1"]
[WhiteElo "1431"]
[BlackElo "1749"]
[PlyCount "62"]
[EventDate "2017.05.13"]

1. e4 e5 2. Nf3 Nc6 3. d4 Nf6 4. d5 Ne7 5. Nxe5 Nxe4 6. Qf3 Nf6 7. c4 d6 8. Nd3
Ng6 9. Nc3 Be7 10. g3 O-O 11. Bg2 Nd7 12. O-O Nge5 13. Nxe5 Nxe5 14. Qe4 f5 15.
Qc2 Ng6 16. f4 Bf6 17. Re1 Bd4+ 18. Be3 Qf6 19. Rad1 Bxe3+ 20. Rxe3 Bd7 21. b3
a6 22. Rde1 Rae8 23. Kh1 h5 24. h4 Nxh4 25. gxh4 Qxh4+ 26. Kg1 Qxf4 27. Rxe8
Bxe8 28. Re7 Qd4+ 29. Kf1 Qf4+ 30. Ke1 Qh4+ 31. Kd1 Qxe7 0-1

[Event "47th IT Bosna 2017"]
[Site "Sarajevo"]
[Date "2017.05.14"]
[Round "3.57"]
[White "Strinic, Hamdija"]
[Black "Zaloznik S., Gal"]
[Result "1-0"]
[WhiteElo "1749"]
[BlackElo "1015"]
[PlyCount "75"]
[EventDate "2017.05.13"]

1. e4 e5 2. Nf3 Nc6 3. Bc4 Bc5 4. c3 Nf6 5. Qe2 d6 6. h3 Be6 7. Bb5 Bd7 8. Ba4
Ne7 9. Bc2 Ng6 10. d3 h6 11. a4 a6 12. O-O Nf4 13. Bxf4 exf4 14. d4 Ba7 15. e5
dxe5 16. Qxe5+ Kf8 17. Qxf4 c6 18. Ne5 Bb8 19. Rd1 Kg8 20. Nd2 Be6 21. Ndf3 Nd5
22. Qe4 Ne7 23. Qe2 Nd5 24. Re1 Nf4 25. Qe4 Qf6 26. Ng4 Qd8 27. c4 Bc7 28. b3
f5 29. Qe3 fxg4 30. Ne5 Qf6 31. hxg4 Bxe5 32. Qxe5 Qxe5 33. Rxe5 Kf7 34. g3
Bxg4 35. gxf4 Rae8 36. Rae1 h5 37. Rxe8 Rxe8 38. Bg6+ 1-0

[Event "47th IT Bosna 2017"]
[Site "Sarajevo"]
[Date "2017.05.15"]
[Round "4.1"]
[White "Drazic, Sinisa"]
[Black "Demchenko, Anton"]
[Result "1/2-1/2"]
[WhiteElo "2427"]
[BlackElo "2629"]
[PlyCount "113"]
[EventDate "2017.05.13"]

1. d4 Nf6 2. c4 g6 3. Nc3 Bg7 4. e4 O-O 5. Be3 d6 6. f3 Nc6 7. Qd2 a6 8. Nge2
Bd7 9. Bh6 e5 10. Bxg7 Kxg7 11. h4 h5 12. d5 Ne7 13. Ng3 Qe8 14. Be2 Nh7 15.
O-O-O b5 16. a3 bxc4 17. f4 exf4 18. Qxf4 Ng8 19. Rd4 Bb5 20. Bd1 Qe5 21. Qxe5+
dxe5 22. Rd2 Ngf6 23. Be2 Ne8 24. a4 Bd7 25. Bxc4 Nd6 26. Bd3 Rfb8 27. Kb1 Nf6
28. Rc1 Rb4 29. a5 Nfe8 30. Na2 Rd4 31. Ne2 Nxe4 32. Nxd4 Nxd2+ 33. Kc2 exd4
34. Kxd2 Rb8 35. b4 Bb5 36. Bxb5 Rxb5 37. Rc5 Rxc5 38. bxc5 Nf6 39. Kd3 Nxd5
40. Kxd4 c6 41. Ke5 Ne3 42. Kd6 Nxg2 43. Nb4 g5 44. hxg5 h4 45. Nd3 Ne3 46. Nf4
Nc4+ 47. Kxc6 Nxa5+ 48. Kb6 Nc4+ 49. Kxa6 Ne5 50. Kb5 f6 51. c6 Nxc6 52. gxf6+
Kxf6 53. Kxc6 Kf5 54. Nh3 Kg4 55. Ng1 Kg3 56. Kd5 h3 57. Nxh3 1/2-1/2

[Event "47th IT Bosna 2017"]
[Site "Sarajevo"]
[Date "2017.05.15"]
[Round "4.2"]
[White "Nikolic, Predrag"]
[Black "Filipovic, Branko"]
[Result "1-0"]
[WhiteElo "2607"]
[BlackElo "2413"]
[PlyCount "87"]
[EventDate "2017.05.13"]

1. Nf3 d5 2. d4 Nf6 3. c4 e6 4. Bg5 c6 5. e3 h6 6. Bxf6 Qxf6 7. Bd3 a6 8. Nbd2
Qd8 9. O-O Be7 10. Qe2 Nd7 11. e4 dxc4 12. Nxc4 b5 13. Ne3 c5 14. d5 exd5 15.
exd5 Nf6 16. a4 c4 17. Bc2 O-O 18. axb5 Bc5 19. Rfd1 Re8 20. Qd2 Bg4 21. Rxa6
Rxa6 22. bxa6 Qb6 23. Nxc4 Qxa6 24. b3 Bxf3 25. gxf3 Rd8 26. d6 Qc8 27. Qf4 Qb8
28. Kg2 Qa7 29. Rd2 Bb4 30. Rd1 Bc5 31. Ne3 Qa2 32. Rd2 Qa5 33. Nc4 Qa7 34. Qf5
Bd4 35. Qf4 Bc3 36. Re2 Qc5 37. Re7 Kf8 38. Rc7 Qh5 39. Be4 Qb5 40. Bc6 Qh5 41.
d7 Qg5+ 42. Qxg5 hxg5 43. Rc8 Ke7 44. Nd6 1-0

[Event "47th IT Bosna 2017"]
[Site "Sarajevo"]
[Date "2017.05.15"]
[Round "4.3"]
[White "Sutkovic, Damir"]
[Black "Perunovic, Milos"]
[Result "0-1"]
[WhiteElo "2317"]
[BlackElo "2603"]
[PlyCount "74"]
[EventDate "2017.05.13"]

1. b3 d5 2. Bb2 Bg4 3. h3 Bh5 4. Nf3 Bxf3 5. gxf3 e6 6. e3 Nf6 7. Nc3 g6 8. f4
Bg7 9. Qf3 O-O 10. O-O-O c5 11. h4 h5 12. Bd3 Nc6 13. Rdg1 e5 14. Bxg6 fxg6 15.
Rxg6 Ne7 16. Rg5 Nh7 17. Rxg7+ Kxg7 18. Rg1+ Kh6 19. Ne2 d4 20. Ng3 Nf6 21.
fxe5 Ng4 22. Qxb7 Rxf2 23. exd4 cxd4 24. Ba3 Qa5 25. Kb2 Qxd2 26. Bxe7 Qxc2+
27. Ka3 Qxa2+ 28. Kb4 Qd2+ 29. Ka4 Qa2+ 30. Kb4 a5+ 31. Kc5 Qc2+ 32. Kd5 Ne3+
33. Ke6 Qg6+ 34. Kd7 Qe8+ 35. Kd6 Rf7 36. e6 Rxe7 37. Qxe7 Ra6+ 0-1

[Event "47th IT Bosna 2017"]
[Site "Sarajevo"]
[Date "2017.05.15"]
[Round "4.4"]
[White "Popovic, Zoran"]
[Black "Kadric, Denis"]
[Result "1/2-1/2"]
[WhiteElo "2300"]
[BlackElo "2535"]
[PlyCount "90"]
[EventDate "2017.05.13"]

1. d4 d6 2. c4 g6 3. Nc3 Bg7 4. e4 Nd7 5. Nf3 e5 6. Be2 Nh6 7. h4 f6 8. h5 g5
9. Rg1 g4 10. Nh4 exd4 11. Nb5 Ne5 12. Nxd4 O-O 13. Bxh6 Bxh6 14. Nhf5 Bg5 15.
Bxg4 Kh8 16. g3 c5 17. Nb3 Qe8 18. Qe2 Be6 19. Nxd6 Bxg4 20. Nxe8 Bxe2 21. Kxe2
Raxe8 22. f4 Nxc4 23. fxg5 fxg5 24. Nxc5 b6 25. b3 bxc5 26. bxc4 Rxe4+ 27. Kd3
Rd4+ 28. Ke3 g4 29. Rgf1 Re8+ 30. Kf2 Rd2+ 31. Kg1 Re3 32. Rae1 Rxg3+ 33. Kh1
Rh3+ 34. Kg1 Rxh5 35. Rf7 Rd8 36. Rxa7 Rg5 37. Kg2 Rg7 38. Ree7 Rxe7 39. Rxe7
Rd4 40. Kg3 Rxc4 41. Rc7 Kg8 42. a4 h5 43. a5 Rc3+ 44. Kh4 g3 45. Kh3 Ra3
1/2-1/2

[Event "47th IT Bosna 2017"]
[Site "Sarajevo"]
[Date "2017.05.15"]
[Round "4.5"]
[White "Nestorovic, Nikola"]
[Black "Vajic, Goran"]
[Result "1-0"]
[WhiteElo "2506"]
[BlackElo "2295"]
[PlyCount "131"]
[EventDate "2017.05.13"]

1. e4 e5 2. Nf3 Nf6 3. Nxe5 d6 4. Nf3 Nxe4 5. Nc3 Nxc3 6. dxc3 Be7 7. Bf4 O-O
8. Qd2 Nd7 9. O-O-O Nc5 10. Be3 c6 11. Nd4 Ne4 12. Qe1 Bg5 13. f3 Bxe3+ 14.
Qxe3 Nf6 15. c4 d5 16. g4 Re8 17. Qd2 Qe7 18. Bd3 Bd7 19. g5 Nh5 20. cxd5 cxd5
21. f4 Qe3 22. Rhf1 g6 23. c3 Ng7 24. Qxe3 Rxe3 25. Rf3 Rae8 26. Kd2 Rxf3 27.
Nxf3 Nh5 28. Ne5 Bc6 29. Ke3 Kg7 30. Rf1 f6 31. gxf6+ Kxf6 32. Kd4 Ng7 33. Nxc6
bxc6 34. Kc5 Rb8 35. Rf2 Rb6 36. b3 Ke7 37. f5 Kd7 38. Kd4 gxf5 39. Rg2 Ne8 40.
Bxf5+ Kd6 41. Bxh7 c5+ 42. Ke3 Nf6 43. Bg6 Rb7 44. Kf4 d4 45. c4 Re7 46. h4 Re5
47. Bf5 Nh5+ 48. Kg4 Nf6+ 49. Kg5 Ke7 50. Kg6 Re3 51. h5 d3 52. Bxd3 Nxh5 53.
Kxh5 Rh3+ 54. Kg5 Rxd3 55. Kf5 Re3 56. Rg7+ Kd6 57. Rxa7 Re2 58. Kf4 Kc6 59.
Kf3 Re1 60. Kf2 Re8 61. Ra6+ Kb7 62. Rd6 Kc7 63. Rd2 Kb6 64. Re2 Rb8 65. Ke1
Ka5 66. Kd2 1-0

[Event "47th IT Bosna 2017"]
[Site "Sarajevo"]
[Date "2017.05.15"]
[Round "4.6"]
[White "Trkulja, Goran"]
[Black "Kosic, Dragan"]
[Result "1/2-1/2"]
[WhiteElo "2291"]
[BlackElo "2485"]
[PlyCount "92"]
[EventDate "2017.05.13"]

1. e4 e6 2. d4 d5 3. Nc3 Nf6 4. e5 Nfd7 5. f4 c5 6. Nf3 Nc6 7. Be3 Be7 8. Qd2
b6 9. Be2 O-O 10. O-O f5 11. Kh1 Bb7 12. Rg1 cxd4 13. Nxd4 Nxd4 14. Bxd4 Nc5
15. g4 Ne4 16. Qe3 Bc5 17. Rad1 Qh4 18. Rg2 Bxd4 19. Rxd4 Qe1+ 20. Qg1 Qxg1+
21. Kxg1 Nxc3 22. bxc3 fxg4 23. Bxg4 Rfe8 24. Bf3 Re7 25. c4 dxc4 26. Bxb7 Rxb7
27. Rxc4 Rd8 28. Kf2 Rd1 29. Ke3 Rbd7 30. Rc3 Re1+ 31. Re2 Rxe2+ 32. Kxe2 Kf7
33. Kf3 Kg6 34. Ke4 Rd1 35. Rg3+ Kf7 36. Ra3 Rd7 37. Rc3 Ke7 38. h4 g6 39. h5
gxh5 40. Rh3 Rc7 41. Rxh5 Kf8 42. Rh6 Re7 43. Rf6+ Kg7 44. a4 Re8 45. c3 Re7
46. Ke3 Re8 1/2-1/2